Física general : con experimentos sencillos
محفوظ في:
| المؤلف الرئيسي: | |
|---|---|
| مؤلفون آخرون: | |
| التنسيق: | كتاب |
| اللغة: | الإنجليزية |
| منشور في: |
Oxford.
Oxford University Press.
c1998.
|
| الطبعة: | 4ª ed. |
| الموضوعات: | |
| الوسوم: |
إضافة وسم
لا توجد وسوم, كن أول من يضع وسما على هذه التسجيلة!
|
MARC
| LEADER | 00000nam a22000005a 4500 | ||
|---|---|---|---|
| 001 | 6767 | ||
| 003 | CL-ChBUA | ||
| 005 | 20120815102956.0 | ||
| 008 | 070301s1998 mx 000 0 eng | ||
| 020 | |a 9706131477 | ||
| 040 | |a CL-ChBUA |c CL-ChBUA | ||
| 082 | 0 | 0 | |a 530 |
| 090 | |c 6767 |d 6767 | ||
| 100 | 1 | |a Ribeiro da Luz, Antonio Máximo. | |
| 245 | 1 | 0 | |a Física general : |b con experimentos sencillos |
| 250 | |a 4ª ed. | ||
| 260 | |b Oxford University Press. |a Oxford. |c c1998. | ||
| 300 | |a xviii, 1.220 p. |b il. |b cuads. |c 23 cm. | ||
| 504 | |a Indice. | ||
| 650 | 4 | |a FISICA. | |
| 700 | 1 | |a Alvarenga Alvarez, Beatriz. | |
| 942 | |c LIB | ||
| 952 | |0 0 |1 0 |4 0 |7 0 |9 10195 |a UNACH |b UNACH |c 500 |d 2007-03-05 |i 38.828. |l 36 |m 10 |o 530 / R 484. |p 11194 |r 2019-07-12 00:00:00 |s 2019-07-03 |u 10195 |w 2012-08-08 |y LIB |k 530 / R 484. | ||
| 999 | |c 6767 |d 6767 | ||